000 00356 a2200157 4500
001 68093
020 _a9783190115594
040 _cAnchieta - Pituba
100 _aBovermann, Monika
240 1 0 _aPaul, Lisa & Co - Starter
_ldeu / ger
245 1 0 _aPaul, Lisa & Co - Starter
300 _a80
362 0 _a2017
650 4 _aLíngua alemã
942 _cBK
999 _c68093
_d68093